Vincitori Serie A1 pallavolo femminile - Statistics

Statistiche generali
  • Questo quiz è stato fatto 43 volte
    10 dall'ultimo reset
  • Il punteggio medio è 39 su 78
Statistiche sulle risposte
Edizione Squadra vincitrice % Corretto
1946 Amatori Bergamo
100%
1947 Amatori Bergamo
100%
1995-96 Bergamo
100%
1996-97 Bergamo
100%
1997-98 Bergamo
100%
1998-99 Bergamo
100%
2001-02 Bergamo
100%
2003-04 Bergamo
100%
2005-06 Bergamo
100%
2010-11 Bergamo
100%
2015-16 Imoco
88%
2017-18 Imoco
88%
2018-19 Imoco
88%
2020-21 Imoco
88%
2021-22 Imoco
88%
2022-23 Imoco
88%
2023-24 Imoco
88%
2024-25 Imoco
88%
2016-17 AGIL
75%
1951 FARI Brescia
75%
1952 FARI Brescia
75%
2012-13 River
63%
2013-14 River
63%
2002-03 Sirio Perugia
63%
2004-05 Sirio Perugia
63%
2006-07 Sirio Perugia
63%
1953 Audax Modena
50%
1956 Audax Modena
50%
1957 Audax Modena
50%
1958 Audax Modena
50%
1959 Audax Modena
50%
1968-69 Fini Modena
50%
1969-70 Fini Modena
50%
1971-72 Fini Modena
50%
1972-73 Fini Modena
50%
1954 Indomita Modena
50%
1955 Indomita Modena
50%
1999-00 Modena
50%
1977-78 Arbor
38%
2014-15 Casalmaggiore
38%
1970-71 CUS Parma
38%
1980-81 Olimpia Ravenna
38%
1981-82 Olimpia Ravenna
38%
1982-83 Olimpia Ravenna
38%
1983-84 Olimpia Ravenna
38%
1984-85 Olimpia Ravenna
38%
1985-86 Olimpia Ravenna
38%
1986-87 Olimpia Ravenna
38%
1987-88 Olimpia Ravenna
38%
1988-89 Olimpia Ravenna
38%
1989-90 Olimpia Ravenna
38%
1990-91 Olimpia Ravenna
38%
1964-65 Reggio Emilia
38%
1965-66 Reggio Emilia
38%
1966-67 Reggio Emilia
38%
1967-68 Reggio Emilia
38%
2007-08 Robursport Pesaro
38%
2008-09 Robursport Pesaro
38%
2009-10 Robursport Pesaro
38%
1978-79 Amatori Bari
25%
2011-12 Busto Arsizio
25%
1973-74 Robur
25%
1974-75 Robur
25%
1975-76 Robur
25%
1948 Invicta Trieste
13%
1949 Invicta Trieste
13%
1950 Lega Nazionale Trieste
13%
1991-92 Matera
13%
1992-93 Matera
13%
1993-94 Matera
13%
1994-95 Matera
13%
1960 Spes Trieste
13%
1961 Spes Trieste
13%
1962 Spes Trieste
13%
1976-77 Alzano Lombardo
0%
1962-63 Muratori Vignola
0%
1979-80 Nike
0%
1963-64 Sestese
0%
Nessun quiz corrispondente trovato
Distribuzione punteggi
Percentuale di utenti per punteggio
Percentile per numero di risposta
I tuoi punteggi nel tempo
Non hai fatto questo quiz dall'ultimo reset